[Event "Club Championships"]
[Site "Wellington Chess Club"]
[Date "2013.09.05"]
[Round "6"]
[White "Roberts, Michael"]
[Black "Miriyala, Rama Rao"]
[Result "0-1"]
[WhiteElo "1781"]
[BlackElo "1906"]

1. e4 c6 2. d4 d5 3. e5 Bf5 4. Bd3 Bxd3 5. Qxd3 e6 6. Nf3 Qb6 7. O-O c5 8. c3
Nc6 9. Nbd2 f6 10. dxc5 Bxc5 11. Nb3 Be7 12. Qe2 f5 13. Be3 Qd8 14. Nc5 Bxc5
15. Bxc5 Nge7 16. Rad1 Qd7 17. Ng5 h6 18. Nh3 O-O-O 19. c4 Rhg8 20. b4 Kb8 21.
Qe3 b6 22. Bd6+ Kb7 23. Bxe7 Qxe7 24. a4 d4 {Can't read the rest. Black won in
32 moves} 0-1

[Event "Club Championships"]
[Site "Wellington Chess Club"]
[Date "2013.09.05"]
[Round "6"]
[White "Stoeveken, Peter"]
[Black "Tionko, Efrain"]
[Result "1/2-1/2"]
[WhiteElo "1910"]
[BlackElo "1844"]

1. d4 Nf6 2. Bg5 Ne4 3. Bf4 d5 4. e3 g5 5. Be5 Rg8 6. Bd3 h6 7. f3 Nf6 8. Ne2
Nc6 9. Bxf6 exf6 10. Nd2 Be6 11. c3 Bd6 12. e4 dxe4 13. Bxe4 Bd7 14. Qb3 Qe7
15. Nc4 Rb8 16. O-O-O b5 17. Bxc6 Bxc6 18. Rhe1 Kf8 19. Ng3 Qd8 20. Ne3 Bxg3
21. hxg3 a5 22. Nf5 Rh8 23. Re2 Bd7 24. Ne3 c6 25. d5 c5 26. d6 Be6 27. Qc2 a4
28. Nd5 Qxd6 29. Nxf6 Qxg3 30. Rxe6 fxe6 31. Nd7+ Ke7 32. Nxb8 Qxb8 33. Qg6
Qf4+ 34. Rd2 Qf8 35. Qd3 Qb8 36. Qg6 Qf8 37. Qd3 Qb8 38. Qe4 Kf6 39. Qc6 Rc8
40. Qd7 Rc7 41. Qd6 Qc8 42. f4 Rc6 43. Qe5+ Kg6 44. fxg5 hxg5 45. Rf2 Qc7 46.
Qf6+ Kh7 47. Qxg5 $4 (47. g3 $1 Qg7 (47... Qxg3 48. Qf7+ Kh8 49. Qh5+ Kg7 50.
Rf7+ Kg8 51. Qh7#) 48. Rh2+ Kg8 49. Qd8+ Qf8 (49... Kf7 50. Rf2+ Kg6 51. Qe8+
Kh7 52. Rh2+ Qh6 53. Qf7+ Kh8 54. Rxh6#) 50. Rh8+) 47... Qg7 48. Qh5+ Qh6+ 49.
Qxh6+ Kxh6 50. Kd2 Kg5 51. Ke3 Rd6 52. Ke4 Rd5 53. b3 axb3 54. axb3 c4 55. bxc4
bxc4 56. Rf3 Kg4 57. Rf6 Rd3 58. Rf3 Rd5 59. Rf6 Rd3 60. Rg6+ Kh5 61. Rxe6 Rxc3
62. Kd4 $4 (62. Kf4 $1 { threatening 63. g4 wins} ) 62... Rg3 {Draw agreed}
1/2-1/2

[Event "Club Championships"]
[Site "Wellington Chess Club"]
[Date "2013.09.05"]
[Round "6"]
[White "Stracy, Don"]
[Black "Kay, Bruce"]
[Result "1/2-1/2"]
[WhiteElo "1851"]
[BlackElo "1825"]

1. e4 e5 2. Nf3 Nc6 3. Bb5 a6 4. Ba4 Nf6 5. O-O Nxe4 6. d4 b5 7. Bb3 d5 8. dxe5
Be6 9. c3 Be7 10. Nbd2 O-O 11. Bc2 {Can't understand the rest. Draw in 34
moves} 1/2-1/2

[Event "Club Championships"]
[Site "Wellington Chess Club"]
[Date "2013.09.05"]
[Round "6"]
[White "Van der Hoorn, Mark"]
[Black "Sellen, Ian"]
[Result "1/2-1/2"]
[WhiteElo "2230"]
[BlackElo "2072"]

1. d4 e6 2. Bf4 d5 3. e3 Bd6 4. Bxd6 Qxd6 5. Qg4 Ne7 6. Qxg7 Rg8 7. Qxh7 Qb4+
8. Nd2 Qxb2 {An amusing debut. White eats Black's kingside and Black
retalliates by eating White's queenside.} 9. Rb1 Qxa2 10. Be2 Nd7 11. Ngf3 Nf6
12. Qh4 Ne4 13. O-O {#Diagram} 13... Nc3 $1 {Setting White problems} 14. Bb5+
c6 15. Ra1 $2 ( {After} 15. Bd3 $1 {The computer feels White has adequate
compensation for the exchange} ) 15... Qxc2 $1 {After this simple move the
bishop finds itself trapped, and White's comp also goes missing.} 16. Bc4 Qg6
17. g3 dxc4 18. Ne5 Qg7 19. Ndxc4 {Black is still basically a cold piece up,
but developing his queenside is a challenge. In other words, as long as the
extra piece is the lame Bc8, white will be in the game. White's open lines and
well developed pieces ensure there are tactical opportunities and Mark is just
the man to stir up trouble in such a situation. } 19... Nf5 20. Qh5 Rh8 21. Qf3
Nh4 $2 {Wrong in principle because Black has some poorly placed pieces, he
should be looking to improve them, not reposition this nice piece onto an
unstable rim square. And wrong tactically because the attacked queen is driven
along the newly open line to win the important pawn on f7!} 22. Nd6+ Kf8 23.
Qxf7+ Qxf7 24. Ndxf7 Rg8 25. Nd6 Nf5 26. Ndc4 Kg7 $2 {Missing Black's threat}
27. Nb6 Rb8 28. Rxa7 Nb5 29. Raa1 Ne7 30. Kg2 Nd5 31. Nbc4 Rd8 32. h4 Nd6 33.
Ra7 Nxc4 34. Nxc6 $6 {Very tempting, but the computer thinks this revives
Black's fast disappearing advantage} 34... Bd7 35. Nxd8 Rxd8 36. Rxb7 Ndxe3+ $1
{This is a good chaos reducer,it liquidates down to an ending that offers
Black decent winning chances.} 37. fxe3 Nxe3+ 38. Kg1 Nxf1 39. Kxf1 Kg6 40. Kf2
Kf5 41. Rb4 Ke4 42. Rb2 Kxd4 43. Rd2+ Ke5 44. Ke3 Kf6 45. Kf4 e5+ 46. Ke3 Ke6
47. g4 Ra8 48. h5 Ra4 49. g5 Rg4 50. g6 {#Diagram} 50... Be8 $2 {A shame}  (
{Black can win in a reasonably straightforward way with} 50... Rg3+ $1 51. Kf2
( {Not} 51. Ke4 $4 Bc6+ {and mate} ) 51... Rg5 {and by winning another pawn and
neutralising the dangerous phalanx Black finally establishes a situation where
his extra piece guarantees a routine win} ) 51. Rd8 Ke7 52. Rd5 Ke6 53. Rd8
{Draw agreed} 1/2-1/2

[Event "Club Championships"]
[Site "Wellington Chess Club"]
[Date "2013.09.05"]
[Round "6"]
[White "Whittle, Jonathon"]
[Black "Marney, John"]
[Result "1-0"]
[WhiteElo "1736"]
[BlackElo "1600"]

1. Nf3 Nf6 2. c4 e6 3. g3 d5 4. Bg2 Be7 5. O-O O-O 6. b3 c5 7. e3 Nc6 8. Qe2
Qc7 9. Bb2 Rb8 10. Nc3 a6 11. Rfd1 Rd8 12. cxd5 exd5 13. d4 b6 14. dxc5 bxc5
15. Rac1 Bb7 16. Na4 Ne4 17. Nd2 Ne5 18. Nxe4 dxe4 19. Nxc5 Bxc5 20. Rxd8+ Rxd8
21. Bd4 Nd3 22. Rc4 Qe7 23. Ba1 Bd6 24. Qg4 Re8 25. Qxg7# 1-0

[Event "Club Championships"]
[Site "Wellington Chess Club"]
[Date "2013.09.06"]
[Round "6"]
[White "Pomeroy, Arthur"]
[Black "Forster, Bill"]
[Result "1-0"]
[WhiteElo "2113"]
[BlackElo "2071"]

1. e4 c5 2. Nf3 a6 {Varying from previous Pomeroy-Forster encounters because I
have had some unhappy experiences with my accelerated dragon against Arthur -
he has book knowledge of the Pseudo Yugoslav attack lines that are very
challenging to Black } 3. c4 g6 4. d4 cxd4 {Heading back into the accelerated
dragon - but now as a Maroczy which is a completely different system to the
more brutal Yugo lines. }  ( {In retrospect} 4... Bg7 {leading to a possible
Benoni/Benko or Kings Indian might have been a good way of directing the game
into fresh territory for both of us} ) 5. Nxd4 Bg7 6. Nc3 Nc6 7. Be3 d6 8. Be2
Nf6 9. f3 O-O 10. O-O Nxd4 11. Bxd4 Be6 12. Rc1 Qa5 13. b3 Rfc8 {I have adapted
my setup from a slightly different system, where White hasn't captured on d4
with a bishop. I am not sure if it is appropriate here.} 14. a4 $1 { A good
move clamping down on the thematic break I was now finally threatening. If
White has the patience to focus on restricting Black before trying anything
active himself, life can be awkward and cramped for Black.}  (14. -- b5 15.
cxb5 axb5 16. Bxb5 Rxc3) 14... Nd7 15. Bxg7 Kxg7 {Black is not averse to this
exchange. If White were now to play the attractive looking Nd5, Black would
exchange Be6xd5 and achieve one of his strategic goals in this opening - the
only minor piece white has left is a potentially quite bad bishop.
Unfortunately White isn't compelled to play Nd5, and in the meantime the Be6
just sits there waiting hopefully.  } 16. Kh1 Rc5 {Already anticipating a
future f5, this is another thematic black move that might not actually fit the
specific circumstances.} 17. f4 Kg8 18. Qd4 {#Diagram} 18... Qb4 $4 {All it
takes is one hasty move. I was unnecessarily worried about White playing b4,
but I've taken my eye off f5. Failure to think about my opponent's possible
combinations is a chronic problem} 19. f5 $1 {Winning outright. A precautionary
f6 would have given my bishop a retreat from which it could continue to guard
d5. Being compelled to capture here is immediately fatal} 19... gxf5 20. exf5
Bxf5 21. Rxf5 Rxf5 22. Qg4+ Kh8 23. Qxf5 Nf6 24. Ne4 Nxe4 25. Qxe4 Qd2 26. Rd1
Qg5 27. Bd3 Qh5 28. Rf1 Rg8 29. Qf5 1-0

[Event "Club Championships"]
[Site "Wellington Chess Club"]
[Date "2013.09.06"]
[Round "6"]
[White "Stone, Andrew"]
[Black "Nyberg, Michael"]
[Result "1-0"]
[WhiteElo "2076"]
[BlackElo "2027"]

1. e4 c5 2. d4 cxd4 3. c3 dxc3 4. Nxc3 Nc6 5. Bc4 e6 6. Nf3 a6 7. O-O Bc5 8. e5
b5 9. Bb3 d5 10. exd6 Qxd6 11. Qe2 Nf6 12. Rd1 Qc7 13. Bg5 Be7 14. Rac1 Bb7
{#Diagram} 15. Bxf6 gxf6 ( {not} 15... Bxf6 16. Nd5) 16. Ne4 Rg8 {#Diagram
White plays vigorously, in the spirit of his Smith-Morra gambit opening
throughout} 17. Bxe6 $1 fxe6 18. Nxf6+ Kf7 19. Nxg8 Rxg8 20. Qc2 Rg7 21. g3 Qa5
$2 {Inviting invasion}  (21... Qf4 $1 {Initiates a good counterattack} ) 22.
Rd7 $1 Nb4 $2 23. Ne5+ Kg8 24. Qd2 Bd5 25. Rc8+ Bf8 {The final position is a
tragicomedy of irrelevant Black pieces.} 1-0

[Event "Club Championships"]
[Site "Wellington Chess Club"]
[Date "2013.09.12"]
[Round "7"]
[White "Aldridge, Alan"]
[Black "Ker, Anthony"]
[Result "0-1"]
[WhiteElo "1990"]
[BlackElo "2422"]

1. b3 e5 2. Bb2 Nc6 3. e3 Nf6 4. Bb5 Bd6 {This looks ugly but it's a standard
idea. basically a regrouping manoevre Bf8-d6-f8 (after O-O and Re8). It's very
important in the four knights opening for example. When I get my database
sorted out I will check whether Anthony is innovating by applying the idea
against 1.b3} 5. Ne2 O-O 6. Ng3 a6 7. Be2 Re8 8. O-O Bf8 9. c4 d5 10. cxd5 Nxd5
11. Nc3 Be6 12. Rc1 Qd7 13. Nxd5 Bxd5 14. Bg4 Be6 15. Bf3 Bd5 16. Bg4 Qe7 17.
a3 g6 18. e4 Be6 {#Diagram Black's simple classicism has equalised (at least),
after ...Bg7 and ...Red8 the grip on d4 will be annoying. Alan responds by
randomising} 19. f4 $6 exf4 20. Rxf4 Qg5 $1 {winning the exchange} 21. d4 $4
{Presumably some kind of hallucination. I am familiar with the annoying
sensation of playing chess as if on drugs, without actually being on drugs.}
21... Qxf4 22. Bxe6 fxe6 23. d5 Rad8 24. Qc2 exd5 25. Rf1 Qe3+ 26. Kh1 Bg7 27.
exd5 Rxd5 28. Bxg7 Kxg7 0-1

[Event "Club Championships"]
[Site "Wellington Chess Club"]
[Date "2013.09.12"]
[Round "7"]
[White "Aumeier, Beate"]
[Black "Sknar, Andrew"]
[Result "0-1"]
[WhiteElo "992"]
[BlackElo "958"]

1. d4 d5 2. Nc3 Nf6 3. Nf3 Nc6 4. Bf4 Bf5 5. Nb5 Rc8 6. c3 e6 7. e3 Be7 8. Bd3
O-O 9. O-O a6 10. Na3 Bxa3 11. bxa3 Bxd3 12. Qxd3 Ne4 13. Rab1 b5 14. a4 Qf6
15. axb5 axb5 16. Rxb5 Qf5 17. Rb7 Nd6 18. Qxf5 exf5 19. Bxd6 cxd6 20. Re1 Na5
21. Rb5 Nc4 22. Rxd5 Ra8 23. Rxf5 Rxa2 24. Rd1 Nb2 25. Rf1 Rfa8 26. Rb5 Nd3 27.
Rbb1 Nb2 28. Nd2 Nd3 29. c4 Rxd2 30. h3 Rda2 31. c5 dxc5 32. dxc5 Nxc5 33. Rbd1
h6 34. Rde1 Nb3 35. Kh2 Nd2 36. Rh1 Ne4 37. Rc1 Nxf2 38. Rhf1 Nd3 39. Rb1 f6
40. Rf5 Rc8 41. Kg3 Rcc2 42. Rg1 Nf2 43. Kf3 Nxh3 44. gxh3 Rf2+ 45. Kg4 Ra4+
46. Rf4 Raxf4+ 47. exf4 g5 48. Kh5 Kg7 49. Rd1 {Can't work out the rest. Black
won in 60 moves} 0-1

[Event "Club Championships"]
[Site "Wellington Chess Club"]
[Date "2013.09.12"]
[Round "7"]
[White "Jackson, Ross"]
[Black "Timergazi, Layla"]
[Result "0-1"]
[WhiteElo "1990"]
[BlackElo "1889"]

1. e4 c6 2. d4 d5 3. Nc3 dxe4 4. Nxe4 Bf5 5. Ng3 Bg6 6. Nf3 Nd7 7. Nh4 e6 8.
Nxg6 hxg6 9. Be2 Bd6 10. Qd3 Qh4 11. Be3 Ngf6 12. O-O-O O-O-O 13. Nf1 Qe4 14.
Qxe4 Nxe4 15. f3 Nef6 16. g3 Nd5 17. Bf2 Rh3 18. f4 N5f6 19. Bf3 c5 20. Bg2
Rhh8 21. Ne3 cxd4 22. Rxd4 Bc5 23. Rd2 Nb6 24. h3 Rxd2 25. Kxd2 Bxe3+ 26. Kxe3
Nc4+ 27. Ke2 Rd8 28. b3 Na3 29. c4 Nc2 30. Bxa7 Nh5 31. Bf2 Nb4 32. a3 Nd3 33.
Be4 Nxf2 34. Kxf2 Rd2+ 35. Ke3 Rb2 36. Rb1 Rh2 37. g4 Rxh3+ 38. Bf3 Nf6 39. Kf2
Rh2+ 40. Kg3 Ra2 41. a4 Ra3 42. Rb2 Nd7 {#Diagram Layla has been actively
throwing obstacles in Ross' was and has now fully recovered from a precarious
situation. Ross doesn't adapt to the new situation and falls apart } 43. Be2 $2
Nc5 44. Kf2 Rxb3 45. Rxb3 Nxb3 46. Ke3 Kd7 47. Kd3 Kd6 (47... Nc1+ $1 {and the
pawn ending is winning for Black} ) 48. Ke3 Kc5 49. Kd3 $2 Nc1+ $1 {Now it is
100% obvious that the pawn ending is winning for Black} 0-1

[Event "Club Championships"]
[Site "Wellington Chess Club"]
[Date "2013.09.12"]
[Round "7"]
[White "Kay, Bruce"]
[Black "Stoeveken, Peter"]
[Result "0-1"]
[WhiteElo "1825"]
[BlackElo "1910"]

1. d4 Nf6 2. c4 c5 3. d5 d6 4. Nc3 g6 5. g3 Bg7 6. Bg2 Nbd7 7. Nf3 h6 8. a4 Nb6
9. a5 Nbd7 10. O-O O-O 11. e4 b6 12. axb6 Nxb6 13. Qe2 Bg4 14. h3 Bd7 15. Kh2
Re8 16. Qd3 Nh5 17. Be3 f5 18. Nd2 Rf8 19. f4 Nf6 20. e5 dxe5 21. fxe5 Nh5 22.
Bf4 Nxf4 23. gxf4 {Next move given is Ra7 - black won in 45 moves (or so)} 0-1

[Event "Club Championships"]
[Site "Wellington Chess Club"]
[Date "2013.09.12"]
[Round "7"]
[White "Marney, John"]
[Black "List, Robert"]
[Result "0-1"]
[WhiteElo "1600"]
[BlackElo "1702"]

1. e4 d6 2. d4 Nf6 3. Nc3 g6 4. Nf3 Bg7 5. Be2 O-O 6. h3 c5 7. Be3 Na6 8. Bxa6
bxa6 9. dxc5 Bb7 10. Qd3 Qa5 11. Nd2 dxc5 12. f3 Rad8 13. Qc4 Nd7 14. Nb3 Qc7
15. O-O-O Rc8 16. Nd5 Qe5 17. Nc3 Nb6 18. Qe2 f5 19. f4 Qc7 20. e5 {#Diagram
Black's next surprised me but the comp approves} 20... g5 $5 {I wouldn't think
of a pawn move on the kingside in this opposite castling situation, but
undermining e5 is useful. Chaos now ensues} 21. Nxc5 $6 {Opening the c file for
Black} 21... gxf4 22. Ne6 Qxe5 23. Nxg7 $2 {Losing} 23... fxe3 24. Nh5 f4 (
24... Rxc3 $1 25. bxc3 Qxc3 {mates} ) 25. Qg4+ Kh8 26. Rhf1 {#Diagram Black is
now dominating the whole board} 26... Rxc3 $1 27. bxc3 e2 28. Rde1 exf1=Q 29.
Rxf1 Bc8 30. Qf3 Na4 31. Ng3 Nxc3 32. Qc6 Qe3+ 33. Kb2 Qxg3 34. Rf3 Qxg2 35.
Qxc3+ Qg7 36. Qxg7+ Kxg7 37. Rc3 f3 {Nice game by Bob} 0-1

[Event "Club Championships"]
[Site "Wellington Chess Club"]
[Date "2013.09.12"]
[Round "7"]
[White "Rossiter, Philip"]
[Black "Roberts, Michael"]
[Result "1/2-1/2"]
[WhiteElo "1836"]
[BlackElo "1781"]

1. d4 Nf6 2. c4 g6 3. Nc3 d5 4. cxd5 Nxd5 5. g3 Bg7 6. Bg2 Nxc3 7. bxc3 c5 8.
e3 Nd7 9. Ne2 O-O 10. O-O Rb8 11. Rb1 b6 12. Bb2 Ba6 13. Qd2 Bc4 14. Ba3 Qc7
15. Rfd1 Rfe8 16. Nf4 e6 17. Nd3 Rbd8 18. Qc2 Bd5 19. e4 Bb7 20. dxc5 Nxc5 21.
Nf4 Bc6 22. Bxc5 bxc5 23. Nd3 Qa5 24. Nf4 Rxd1+ 25. Qxd1 Rd8 26. Qb3 Qxc3 27.
Qxc3 Bxc3 28. Ne2 Bb4 29. Nf4 Rd2 {#Diagram White has been outplayed. I am sure
if the roles were reversed Mike would resign here. The conclusion of this game
might help persuade Mike his own early resignation policy is not the most
practical at the sub 2000 level. } 30. h4 Rxa2 31. Nd3 a5 32. Ne5 Bb5 33. Nf3
Re2 $4 {Interestingly, even after this horrendous blunder Houdini thinks Black
is still better, which is a good indication of how winning his position was
until here. } 34. Bf1 Rxe4 35. Bxb5 c4 36. Bc6 Rg4 37. Rc1 c3 38. Kf1 Rc4 39.
Bb5 Rc7 40. Ke2 Kf8 41. Ba4 Ba3 42. Rc2 Bb2 43. Kd3 Rb7 44. Nd4 Rb4 45. Bc6 Rb6
46. Ba4 Rb4 47. Bc6 1/2-1/2

[Event "Club Championships"]
[Site "Wellington Chess Club"]
[Date "2013.09.12"]
[Round "7"]
[White "Sknar, Andrew"]
[Black "Cunningham, Patrick"]
[Result "0-1"]
[WhiteElo "1370"]
[BlackElo "1590"]

1. e4 e5 2. Nc3 Nf6 3. Qf3 Nc6 4. Nge2 Bb4 5. h4 d6 6. Qd3 O-O 7. h5 h6 8. g3
Bg4 9. a3 Ba5 10. b4 Bb6 11. b5 Ne7 12. a4 c6 13. a5 Bxa5 14. Bb2 Qc7 15. f4
Rad8 16. f5 d5 17. exd5 cxd5 18. Nd1 Bxf5 19. Qa3 Bb6 20. c3 Bg4 21. Ne3 Bxe3
22. dxe3 Nf5 23. Rg1 Nxe3 24. Rc1 Nc4 25. Qa1 Qb6 26. Rg2 Rfe8 27. Rb1 Ne3 28.
Qa4 Nxg2+ 29. Bxg2 Bxe2 30. Kxe2 Nxh5 31. Kf3 Qg6 32. g4 Qd3+ 33. Kf2 Qxb1 34.
gxh5 Qxb2+ 35. Kg1 Qxc3 36. Qa2 Qd4+ 37. Kh2 e4 38. Kg3 Re5 39. Kh4 e3+ 40. Kh3
Rxh5+ 41. Kg3 Rg5+ 42. Kf3 Qe4+ 43. Ke2 Rxg2+ 44. Kd1 Rxa2 45. Ke1 Qb1# 0-1

[Event "Club Championships"]
[Site "Wellington Chess Club"]
[Date "2013.09.12"]
[Round "7"]
[White "Tionko, Efrain"]
[Black "Pandey, Alok"]
[Result "0-1"]
[WhiteElo "1844"]
[BlackElo "1901"]

1. e4 c5 2. Nc3 Nc6 3. Bb5 d6 4. f4 g6 5. Nf3 Bg7 6. O-O Bd7 7. Bxc6 Bxc6 8. d3
e6 9. f5 $1 {Correct in principle, see commentary on Forster-Nyberg from Round
3 } 9... gxf5 10. exf5 Ne7 11. fxe6 fxe6 12. Ng5 {#Diagram It looks like Black
is in trouble here} 12... Bd4+ 13. Kh1 Rg8 {White's kingside attack is
impressive, but Black hasn't actually committed his king to the kingside and
Black sets about using the open lines on that side himself. A very double-edged
situation develops from this unusual dynamic.} 14. Qh5+ Kd7 15. Qf7 $2 (15.
Nce4 $1 {The computer really wants to play this move now or, (even better) on
the previous move. It makes sense to obstruct the long diagonal attack which
has obvious potential} ) 15... Rg6 16. Nce4 Qg8 17. c3 Be5 18. Qxg8 Raxg8
{Black has won the strategic battle and is now obviously better, White cannot
actually defend g2} 19. Nf3 ( {After} 19. Rf2 c4 20. d4 {Black has a retreat
square} 20... Bh8 $1 {and g2 is falling} ) 19... Rxg2 20. Nxe5+ dxe5 21. Nxc5+
{#Diagram White has restored material equality, but his king is in a coffin }
21... Kc7 22. Ne4 Nf5 23. b3 Nd6 24. Ng3 R2xg3+ 0-1

[Event "Club Championships"]
[Site "Wellington Chess Club"]
[Date "2013.09.12"]
[Round "7"]
[White "Wight, Joshua"]
[Black "Walters, Taina"]
[Result "1-0"]
[WhiteElo "1231"]
[BlackElo "1119"]

1. e4 e5 2. Nf3 Nc6 3. Bc4 Be7 4. O-O d6 5. h3 Bd7 6. c3 Na5 7. Na3 a6 8. b4
Nxc4 9. Nxc4 f5 10. d3 f4 11. d4 Bf6 12. dxe5 dxe5 13. Ncxe5 Bb5 14. Qxd8+ Rxd8
15. Re1 Bxe5 16. Nxe5 Nf6 17. Bxf4 O-O 18. Bg5 Rd6 19. Rad1 Rxd1 20. Rxd1 Nxe4
21. Be3 Nxc3 22. Rd2 Be8 23. Nd7 Rf5 24. Nc5 Bc6 25. Ne6 Rd5 26. Bd4 Rd7 27.
Bxc3 Rxd2 28. Bxd2 Bd5 29. Nxc7 Bxa2 30. Na8 Kf7 31. Kf1 Ke7 32. Nb6 Kd6 33.
Ke2 Kc6 34. Na4 Bd5 35. g4 Bc4+ 36. Ke3 Bf1 37. h4 Bh3 38. g5 g6 39. Nc3 b6 40.
Ke4 Bf5+ 41. Ke5 Bc2 42. Kf6 a5 43. bxa5 bxa5 44. Kg7 a4 {#Diagram} 45. Nxa4 $2
{I like the idea of simplifying down to an easy win, but never-the-less this
is an instructive mistake. Liquidating to an opposite coloured bishop ending
with all pawns on one side unnecessarily gives Black hope!  The right way to
finish up is to use the bishop to stop the 'a' pawn, and use the knight to help
the king win the game on the kingside. The reason is that even without an extra
piece, a knight will outclass a bishop when all the pawns are on one side,
especially when it's a bad bishop, there's an extra white pawn on that side,
and White's king is already ideally placed. The extra bishop provides a huge
margin of safety. Black can win the bishop by protecting a1 with his king, but
only by taking his king massively offside which would mean no contest at all on
the kingside.} 45... Bxa4 46. Kxh7 Bc2 47. Kh6 $2 {In fact now the game should
be drawn}  ( {Necessary was} 47. Kg7 {heading for f6, to keep the black king
away} ) 47... Kd6 48. h5 gxh5 49. Kxh5 Ke7 50. g6 Kf8 51. Kh6 Bb3 $2 {The
bishop must stay on the b1 to h7 diagonal where it stops White playing Kh7 and
g7}  (51... Ke7 {is the only drawing move. Basically the drawing plan is to
keep the king on e7-e6 and f6, and the bishop on the c2 to h7 diagonal.
Surprisingly enough White cannot get through the blockade. f8 is a bad square
for the king..} ) 52. Kh7 Bc2 53. Bb4+ $1 {#Diagram Keeping the king out of
e7,e6 and f6}  ( {It might have been a good idea to keep playing - it's still a
little awkward eg} 53. Bb4+ Ke8 54. Kh6 Bd3 55. Kg5 ( {the obvious} 55. g7 $4
{is a horrible mistake} 55... Kf7 {and it is now clear White can make no
progress.} ) 55... Bc2 56. Kf6 Bd3 57. g7 Bh7 58. f4 Kd7 59. Kf7) 1-0

[Event "Club Championships"]
[Site "Wellington Chess Club"]
[Date "2013.09.19"]
[Round "8"]
[White "Brockway, Andrew"]
[Black "Marney, John"]
[Result "1-0"]
[WhiteElo "1770"]
[BlackElo "1600"]

1. e4 e6 2. d4 d5 3. Nd2 Nf6 4. e5 Nfd7 5. Bd3 c5 6. c3 Nc6 7. Ne2 Be7 8. Nf3
f6 {A thematic French move, but premature here} 9. Nf4 $1 Nb6 10. exf6 gxf6 11.
Qe2 Qd7 12. O-O Nd8 13. Re1 c4 14. Bc2 Bd6 15. Nh5 Rf8 16. Ng3 Qe7 17. Bh6 Rg8
18. Qd2 {#Diagram Black has been grovelling for sometime} 18... Kd7 $2 {A nice
idea, if Black had time to evacuate to the queenside, it's conceivable he could
emerge intact. But there's a tactical problem} 19. Nf5 $1 Qf7 20. Nxd6 Kxd6 21.
Bf4+ Kc6 22. Bg3 Qg7 23. Qf4 $1 e5 24. dxe5 Ne6 25. Qxf6 Qxf6 26. exf6 Bd7 27.
Ne5+ Kc5 28. Nxd7+ 1-0